La arquitectura en Chile a través del Boletín del Colegio de Arquitectos (1944-1963).

保存先:
書誌詳細
その他の著者: Muñoz Vera, Gonzalo (編集者), Eliash Díaz, Humberto (textos), Aguirre González, Max (textos), Goycoolea Prado, Roberto (textos)
フォーマット: 図書
出版事項: Santiago, Chile: Ministerio de las Culturas, las Artes y el Patrimonio; 2020.
版:Primera edición.
主題:
タグ: タグ追加
タグなし, このレコードへの初めてのタグを付けませんか!

MARC

LEADER 00000nam a22000007a 4500
003 CL-VaPUC
005 20240619100152.0
008 220902t2020 ||||| |||| 00| 0 eng d
999 |c 438605  |d 438603 
020 |a 978-956-402-639-8 
040 |c Pontificia Universidad Católica de Valparaíso 
082 |2 22  |a 720.983 MUÑ 2020 
100 1 |a Muñoz Vera, Gonzalo  |e editor  |9 876195 
245 |a La arquitectura en Chile a través del Boletín del Colegio de Arquitectos (1944-1963). 
250 |a Primera edición. 
260 |a Santiago, Chile:  |b Ministerio de las Culturas, las Artes y el Patrimonio;  |c 2020. 
300 |a 118 páginas. 
500 |a c.1. Donación Arquitectura. Memo ARQ 08/2022. 10/08/22 
583 |c 20220902  |k Catalogador Asistente 
610 0 |9 871690  |a Colegio de Arquitectos de Chile  |v Publicaciones periódicas   |x Historia  
650 0 |a Arquitectura  |x Historia   |z Chile   |9 804558 
650 0 |a Arquitectos   |x Boletín   |y 1944-1963   |9 268647 
700 |a Eliash Díaz, Humberto  |e textos  |9 876196 
700 |a Aguirre González, Max  |e textos  |9 876197 
700 |a Goycoolea Prado, Roberto  |e textos  |9 876198 
942 |2 ddc  |c BK 
952 |0 0  |1 0  |2 ddc  |4 0  |6 720_983000000000000_MUÑ_2020  |7 0  |8 A  |9 586570  |a BIBARQ  |b BIBARQ  |c GEN  |d 2022-09-02  |e Donación  |i 5654553  |o 720.983 MUÑ 2020  |p 5654553  |r 2025-01-20  |t 1  |w 2022-09-02  |y BK  |k ARQ